[Event "Roosendaal LBV op-A"]
[Site "Roosendaal"]
[Date "2012.08.17"]
[Round "3"]
[White "Swagemakers, Frank"]
[Black "Paulet, Iozefina"]
[Result "0-1"]
[WhiteElo "2002"]
[BlackElo "2234"]
[PlyCount "58"]
[EventDate "2012.08.16"]
[EventType "swiss"]
[EventRounds "6"]
[EventCountry "NED"]
[SourceTitle "CBM 150 Extra"]
[Source "ChessBase"]
[SourceDate "2012.10.19"]
[SourceVersion "1"]
[SourceVersionDate "2012.10.19"]
[SourceQuality "1"]

1. e4 c5 2. Nf3 d6 3. d4 cxd4 4. Nxd4 Nf6 5. Nc3 a6 6. Be3 e5 7. Nb3 Be6 8. Be2 Be7 9. 0-0 0-0 10. Bf3 Nc6 11. Nd5 Bxd5 12. exd5 Na5 13. Be2 Rc8 14. Nxa5 Qxa5 15. c4 Nd7 16. b3 f5 17. a3 Qd8 18. Ra2 f4 19. Bc1 e4 20. Bg4 Ne5 21. Be6+ Kh8 22. Qd4 f3 23. Qxe4 Bg5 24. Bxg5 Qxg5 25. g3 Rce8 26. h4 Qh6 27. Bh3 g5 28. Be6 Rxe6 29. dxe6 Qxe6 0-1

[Event "Roosendaal LBV op-A"]
[Site "Roosendaal"]
[Date "2012.08.16"]
[Round "1"]
[White "Swagemakers, Frank"]
[Black "Admiraal, Miguoel"]
[Result "1-0"]
[WhiteElo "2002"]
[BlackElo "2293"]
[PlyCount "125"]
[EventDate "2012.08.16"]
[EventType "swiss"]
[EventRounds "6"]
[EventCountry "NED"]
[SourceTitle "CBM 150 Extra"]
[Source "ChessBase"]
[SourceDate "2012.10.19"]
[SourceVersion "1"]
[SourceVersionDate "2012.10.19"]
[SourceQuality "1"]

1. e4 c5 2. Nf3 e6 3. d4 cxd4 4. Nxd4 Nc6 5. Nc3 Qc7 6. g3 a6 7. Bg2 d6 8. 0-0 Bd7 9. Re1 Be7 10. Be3 Nf6 11. Nxc6 Bxc6 12. a4 Rc8 13. a5 0-0 14. Bb6 Qd7 15. Qe2 Rce8 16. Red1 Qc8 17. f4 Nd7 18. Bf2 f5 19. exf5 exf5 20. Qc4+ Kh8 21. Bxc6 bxc6 22. Na4 Nf6 23. Nb6 Qb7 24. Qd3 Ne4 25. c3 Bd8 26. Qc2 Rf6 27. Re1 Rfe6 28. b4 Qe7 29. Bd4 Qb7 30. Qb3 c5 31. bxc5 Ng5 32. Rxe6 Nxe6 33. Re1 Nc7 34. Rxe8+ Nxe8 35. Qe6 Qe4 36. Qxe4 fxe4 37. Kf2 dxc5 38. Bxc5 Bf6 39. Bd4 Bxd4+ 40. cxd4 Nd6 41. Ke3 Kg8 42. g4 Kf7 43. d5 Ke7 44. Kd4 Nb5+ 45. Kxe4 Kd6 46. Na4 Na3 47. Nb6 Nb5 48. f5 Nc3+ 49. Kf4 Ne2+ 50. Ke3 Nc1 51. Ke4 Nb3 52. g5 Nxa5 53. f6 gxf6 54. gxf6 Nb7 55. Kd4 Nd8 56. Nc4+ Kd7 57. Ne5+ Kd6 58. f7 Ke7 59. Nc6+ Kxf7 60. Nxd8+ Ke7 61. Nc6+ Kd6 62. h4 h5 63. Na5 1-0